000 00757nam a2200205 4500
001 123204
003 ES-MaACL
005 20250822031121.0
007 t|
008 070214s1972 sp r ||||0| spa d
245 0 0 _aPsicología de la educación
_b: aprendizaje y enseñanza : textos básicos /
_c[recopilados por] E. Stones ; versión española de Luis Echevarría Rivera ; revisión de Gonzalo Gonzalvo Mainar.
260 _aMadrid :
_bMorata,
_c[1972]
300 _a2 v. ;
_c21 cm.
650 7 _aPsicología de la educación
_2embne
_916558
700 1 _aStones, E.
_9108314
700 1 _aEchevarría Rivera, Luis Eduardo.
_946564
700 1 _aGonzalvo Mainar, Gonzalo.
_9181407
852 4 _aES-MaACL
_jP-1812
999 _c123204
_d123204